La búsqueda de la verdad material objetiva como fin de la inspección y del proceso de determinación fiscal (Registro nro. 13775)
[ vista simple ]
| 000 -LEADER | |
|---|---|
| fixed length control field | 00397 a2200109 4500 |
| 001 - CONTROL NUMBER | |
| control field | ART_35431 |
| 005 - DATE AND TIME OF LATEST TRANSACTION | |
| control field | 20260410161646.0 |
| 008 - FIXED-LENGTH DATA ELEMENTS--GENERAL INFORMATION | |
| fixed length control field | 260409a |
| 100 1# - MAIN ENTRY--PERSONAL NAME | |
| Personal name | Caranta, Martín R. |
| 245 10 - TITLE STATEMENT | |
| Title | La búsqueda de la verdad material objetiva como fin de la inspección y del proceso de determinación fiscal |
| 773 0# - HOST ITEM ENTRY | |
| Title | Consultor tributario |
| Related parts | - Año 9, Nº 107 (ene. 2016) |
| Record control number | REV474 |
No hay ítems disponibles.